000 01231nac a22003371i 4500
003 EG-ScBUE
005 20250708093906.0
008 091014s2004 enka f d 000 0 eng d
020 _a0198609183
020 _a9780198609188
040 _aEG-ScBUE
_beng
_erda
_cEG-ScBUE
_dEG-ScBUE
082 0 4 _a540.3
_bDIC
_222
245 0 2 _aA dictionary of chemistry /
_cedited by John Daintith.
246 3 0 _aChemistry
246 3 0 _aOxford dictionary of chemistry
250 _aFifth edition.
264 1 _aOxford :
_bOxford University Press,
_c2004.
300 _a602 pages :
_billustrations ;
_c20 cm.
336 _2rdacontent
_atext
_btxt
337 _aunmediated
_2rdamedia
_bn
338 _avolume
_bnc
_2rdacarrier
490 0 _aOxford paperback reference
500 _aIncludes Appendices.
650 7 _aChemistry
_vDictionaries.
_98888
_2BUEsh
655 _vReading book
700 1 _aDaintith, John,
_98889
_eeditor.
856 4 2 _3Publisher description
_uhttp://www.loc.gov/catdir/enhancements/fy0620/2004276412-d.html
856 4 2 _3Table of contents only
_uhttp://www.loc.gov/catdir/enhancements/fy0620/2004276412-t.html
856 4 2 _uhttp://www.oxfordreference.com/views/BOOK_SEARCH.html?book=t81
942 _cREFERENCE
_2ddc
999 _c3311
_d3311